<?xml version="1.0" encoding="UTF-8"?>
<record
    xmlns:xsi="http://www.w3.org/2001/XMLSchema-instance"
    xsi:schemaLocation="http://www.loc.gov/MARC21/slim http://www.loc.gov/standards/marcxml/schema/MARC21slim.xsd"
    xmlns="http://www.loc.gov/MARC21/slim">

  <leader>01255nam a22002417a 4500</leader>
  <datafield tag="999" ind1=" " ind2=" ">
    <subfield code="c">22233</subfield>
    <subfield code="d">22233</subfield>
  </datafield>
  <controlfield tag="003">AR-CdUCM</controlfield>
  <controlfield tag="008">190425b           ||||| |||| 00| 0 spa d</controlfield>
  <datafield tag="040" ind1=" " ind2=" ">
    <subfield code="a">MUNICIPALIDAD PROVINCIAL DEL CUSCO</subfield>
    <subfield code="c">BIBLIOTECA MUNICIPAL DEL CUSCO</subfield>
  </datafield>
  <datafield tag="082" ind1=" " ind2=" ">
    <subfield code="a">Kuski/N&#xB0;1/2013</subfield>
  </datafield>
  <datafield tag="245" ind1=" " ind2=" ">
    <subfield code="a">Revista K&#xB4;uski :</subfield>
    <subfield code="b">cient&#xED;fica, tecnol&#xF3;gica y humanista /</subfield>
    <subfield code="c">Honorato S&#xE1;nchez Quispe</subfield>
  </datafield>
  <datafield tag="260" ind1=" " ind2=" ">
    <subfield code="a">Cusco.</subfield>
    <subfield code="b">Grafimar impresiones,</subfield>
    <subfield code="c">2013.</subfield>
  </datafield>
  <datafield tag="300" ind1=" " ind2=" ">
    <subfield code="a">38 p&#xE1;ginas. :</subfield>
    <subfield code="b">ilustraciones ;</subfield>
    <subfield code="c">30 cm.</subfield>
  </datafield>
  <datafield tag="440" ind1=" " ind2=" ">
    <subfield code="a">Revista K&#xB4;uski.</subfield>
    <subfield code="n">A&#xF1;o 1, N&#xB0;1,IV trimestre 2013.</subfield>
    <subfield code="9">47707</subfield>
  </datafield>
  <datafield tag="505" ind1=" " ind2=" ">
    <subfield code="a">Contenido: Estudio sobre posibles efectos sobre la Salud relacionados con las antenas base de telef&#xF3;nica m&#xF3;vil instalados en el distrito de Santiago. -- Tratamiento de las aguas residuales dom&#xE9;sticas a nivel de laboratorio mediante un proceso Biol&#xF3;gico Anaerobio UASB en la ciudad de Cusco. -- Tecnolog&#xED;a de Cianuraci&#xF3;n de minerales aur&#xED;feros. -- An&#xE1;lisis de la matriz energ&#xE9;tica en el Per&#xFA; y el mundo.</subfield>
  </datafield>
  <datafield tag="650" ind1=" " ind2=" ">
    <subfield code="a">Tecnolog&#xED;a</subfield>
    <subfield code="9">1571</subfield>
  </datafield>
  <datafield tag="650" ind1=" " ind2=" ">
    <subfield code="a">Contaminaci&#xF3;n ambiental</subfield>
    <subfield code="9">44359</subfield>
  </datafield>
  <datafield tag="650" ind1=" " ind2=" ">
    <subfield code="a">Metalurgia</subfield>
    <subfield code="9">19102</subfield>
  </datafield>
  <datafield tag="700" ind1=" " ind2=" ">
    <subfield code="a">Loayza Mendoza, Ely</subfield>
    <subfield code="9">47708</subfield>
  </datafield>
  <datafield tag="700" ind1=" " ind2=" ">
    <subfield code="a">Llacta Morveli, Enriqueta</subfield>
    <subfield code="9">31820</subfield>
  </datafield>
  <datafield tag="700" ind1=" " ind2=" ">
    <subfield code="a">Due&#xF1;as Aquise, V&#xED;ctor</subfield>
    <subfield code="9">47709</subfield>
  </datafield>
  <datafield tag="942" ind1=" " ind2=" ">
    <subfield code="2">ddc</subfield>
    <subfield code="c">PP</subfield>
  </datafield>
  <datafield tag="945" ind1=" " ind2=" ">
    <subfield code="a">rac</subfield>
  </datafield>
  <datafield tag="952" ind1=" " ind2=" ">
    <subfield code="0">0</subfield>
    <subfield code="2">ddc</subfield>
    <subfield code="4">0</subfield>
    <subfield code="7">0</subfield>
    <subfield code="a">HEM</subfield>
    <subfield code="b">HEM</subfield>
    <subfield code="c">CART</subfield>
    <subfield code="d">2022-03-29</subfield>
    <subfield code="g">5.00</subfield>
    <subfield code="o">Kuski/N&#xB0;1/2013</subfield>
    <subfield code="p">REVC000886</subfield>
    <subfield code="r">2022-03-29</subfield>
    <subfield code="y">PP</subfield>
  </datafield>
  <datafield tag="952" ind1=" " ind2=" ">
    <subfield code="0">0</subfield>
    <subfield code="2">ddc</subfield>
    <subfield code="4">0</subfield>
    <subfield code="7">0</subfield>
    <subfield code="a">HEM</subfield>
    <subfield code="b">HEM</subfield>
    <subfield code="c">CART</subfield>
    <subfield code="d">2022-03-29</subfield>
    <subfield code="g">5.00</subfield>
    <subfield code="o">Kuski/N&#xB0;1/2013/e.2</subfield>
    <subfield code="p">REVC000949</subfield>
    <subfield code="r">2022-04-19</subfield>
    <subfield code="y">PP</subfield>
  </datafield>
</record>
